Normale Ansicht MARC-Ansicht ISBD

"Little John Bikes" eröffnet bald in ehemaliger Kaufhalle (Titelsatznr. 80192)

[ MARC ]
MARC-Details
000 -Satzkennung
Kontrollfeld mit fester Länge 00677nam a22001577a 4500
008 - Feld mit fester Länge zur physischen Beschreibung - Allgemeine Angaben
Kontrollfeld mit fester Länge 201127b ||||| |||| 00| 0 eng d
040 ## - Katalogisierungsquelle
Original-Katalogisierungsstelle ISIL EINTRAGEN
Katalogisierungssprache ger
Übertragungsstelle STAFF
Beschreibungsfestlegungen rda
041 ## - Sprachcode
Sprachcode des Textes/der Tonspur oder des separaten Titels ger
100 ## - Person oder Familie als 1. geistiger Schöpfer
Personenname Hnida, Jan-Henrik
245 ## - Titel
Haupttitel "Little John Bikes" eröffnet bald in ehemaliger Kaufhalle
Titelzusatz Wirtschaft: Derzeit richten Handwerker die Räumlichkeiten in der Berliner Straße her. Der Fahrrad-Discounter will am 9. Januar starten.
773 ## - Übergeordnete Einheit
Verknüpfungsangaben 31. Jahrgang (2020) Nr. 274 vom 24.11.2020, S. 13
Ort, Verlag und Erscheinungsjahr Frankfurt (Oder) Märkisches Verlags- und Druckhaus GmbH & Co KG
Titel Märkische Oderzeitung
942 ## - Zusätzliche Felder (Koha)
Koha-Medientyp Aufsätze
Exemplare
Ausgeschieden Verloren Beschädigt Nicht entleihbar Permanenter Standort Aktueller Standort Eingabedatum Anzahl Ausleihen Signatur Letzte Aktivität Preis gültig von Medientyp
        Stadtarchiv Frankfurt (Oder) | Archivbibliothek Stadtarchiv Frankfurt (Oder) | Archivbibliothek 27/11/2020   Z1 27/11/2020 27/11/2020 Aufsätze